fussballer, mit mindestens 100 Millionen Marktwert - Statistiken

Allgemein
  • Dieses Quiz wurde 190 mal gespielt
  • Das Durchschnittsergebnis liegt bei 5 aus 12
Answers on the Grid
Answers color-coded by a green-red scale on the quiz's grid according to % correct below.
Haaland
Musiala
Wirtz
Gravenberg
Doue
Güler
Kvaratskhelia
Vitinha
Alvarez
Kimmich
Isak
Kane
Hakimi
Ekitike
Saliba
Mendes
Raphinia
Dembele
Yamal
Lautaro
Caicedo
Mbappe
Cubarsi
Tah
Olise
Diaz
Pacho
Pedri
Pavlovic
Leao
 
Antwortstatistiken
Antwort % Korrekt
Haaland
95%
Musiala
90%
Wirtz
88%
Yamal
48%
Mbappe
47%
Isak
33%
Pedri
33%
Dembele
32%
Olise
28%
Vitinha
23%
Alvarez
14%
Caicedo
10%
Keine übereinstimmenden Quizze gefunden
Verteilung der Resultate
Anzahl Personen mit jedem Resultat
Perzentil nach korrekt beantworteten Fragen
Ihre Resultats-Entwicklung
Sie haben dieses Quiz noch nicht gespielt